00704nam a2200145Ia 4500008004100000050002400041100002800065245019100093260008600284300003300370521002200403942000700425999001900432952010700451140724s9999 xx 000 0 und d aLC 4705b.Or68 2011 aOrgasan, Joana Marie Y. aAnalysis of the competencies of the teachers at Integrated Communities Learning Center Based on the National Joint Committee on Learning Disabilities Standards /cJoana Marie Y. Orgasan. aLas Piñas, Philippines :bSouthville International School and Colleges,cc2011. a44 p. :bcol. ill. ;c28 cm. aSpecial Education cTH c228662d228662 001040aCLbCLcTHESESd2014-07-24l0oLC 4705 .Or68 2011pT0016r2018-05-15 00:00:00w2014-07-24yTH